ბათუმის შოთა რუსთაველის სახელმწიფო უნივერსიტეტის ბიბლიოთეკა

ამირან-დარეჯანიანი / (ბიბ.ჩანაწერი № 42140)

000 -ლიდერი
ფიქსირებული სიგრძის საკონტროლო ველი 01161nam a2200229Ia 4500
001 - საკონტროლო ნომერი
საკონტროლო ველი 8832
003 - საკონტროლო ნომრის იდენტიფიკატორი
საკონტროლო ველი GE_BSU
005 - ბოლო ოპერაციის თარიღი და დრო
საკონტროლო ველი 20241011122026.0
008 - ფიქსირებული სიგრძის მონაცემთა ელემენტები - ზოგადი ინფორმაცია
ფიქსირებული სიგრძის საკონტროლო ველი 181216s1939||||ge |||||||||||||| ||geo||
040 ## - კატალოგიზაციის წყარო
Transcribing agency GE_BSU
041 ## - ენის კოდი
Language code of text/sound track or separate title geo
080 ## - უნივერსალური ათობითი კლასიფიკაციის ინდექსი
Universal Decimal Classification number 821.353.1-31 ხ–73
100 ## - მთავარი ჩანაწერი - პიროვნების სახელი
Personal name ხონელი,მოსე
9 (RLIN) 23388
245 ## - ცნობა სათაურის შესახებ
Title ამირან-დარეჯანიანი /
Statement of responsibility, etc მოსე ხონელისა; სარგის კაკაბაძის რედაქციით.
264 ## - წარმოების, გამოცემის, დისტრიბუციის და სხვა ცნობები
გამოცემის, წარმოების, დისტრიბუციის... ადგილი თბილისი :
გამოცემის, წარმოების, დისტრიბუციის... სახელწოდება სახელგამი,
გამოცემის, წარმოების, დისტრიბუციის... თარიღი 1939.
300 ## - ფიზიკური აღწერა
Extent 184 გვ.;
Other physical details 23 სმ.
500 ## - ზოგადი შენიშვნა
General note წანართი: კაკაბაძე სარგის - ამირან-დარეჯანიანის შესახებ.
501 ## - შენიშვნა თანმხლებ მასალაზე
With note დანართი: ლექსიკონი (გვ. 181-182). საკუთარ სახელების მაჩვენებელი (გვ. 183-184).
653 ## - INDEX TERM--UNCONTROLLED
Uncontrolled term ამირან–დარეჯანიანი
700 ## - ADDED ENTRY--PERSONAL NAME
Personal name კაკაბაძე, სარგის
Relator term რედაქტორი
9 (RLIN) 23386
942 ## - ADDED ENTRY ELEMENTS (KOHA)
Koha item type წიგნი
Source of classification or shelving scheme
ეგზემპლარები
ჩამოწერის სტატუსი დაკარგული ეგზემპლარის სტატუსი კლასიფიკაციის წყარო ან თაროზე გაწყობის სქემა დაზიანების სტატუსი არ გაიცემა მუდმივი მდებარეობა (დაცვის ადგილი) ამჟამინდელი ადგილსამყოფელი თაროზე განთავსების ადგილი შეძენის თარიღი სრული შენახვის შიფრი შტრიხკოდი ბოლო ოპერაციის თარიღი ეგზემპლარის მიმდევრობითი ნომერი (კეტერი?) ფასის ძალაში შესვლის თარიღი ეგზემპლარის სახეობა
          ბათუმის შოთა რუსთაველის სახელმწიფო უნივერსიტეტის მთავარი ბიბლიოთეკა ბათუმის შოთა რუსთაველის სახელმწიფო უნივერსიტეტის მთავარი ბიბლიოთეკა წიგნსაცავი 2018-12-17 821.353.1-31 ხ–73 31312 2018-12-17 31312 2018-12-17 წიგნი